Central Library OPAC University of Rajshahi

লোকপ্রশাসন : (Record no. 39747)

MARC details
000 -LEADER
fixed length control field 00908nam a2200241 a 4500
001 - CONTROL NUMBER
control field 39747
003 - CONTROL NUMBER IDENTIFIER
rucl marc code BD-RjUL
005 - DATE AND TIME OF LATEST TRANSACTION
control field 20211209053042.0
008 - FIXED-LENGTH DATA ELEMENTS--GENERAL INFORMATION
fixed length control field 160417s2004 bg ||||| |||| 00| 0 ben d
020 ## - INTERNATIONAL STANDARD BOOK NUMBER
International Standard Book Number 9844770475
Terms of availability : Tk.150.00
035 ## - SYSTEM CONTROL NUMBER
System control number (BD-RjUL)39860
040 ## - CATALOGING SOURCE
Original cataloging agency BD-RjUL
Language of cataloging ben
Transcribing agency BD-RjUL
041 ## - LANGUAGE CODE
Language code of text/sound track or separate title ben
082 ## - DEWEY DECIMAL CLASSIFICATION NUMBER
Edition number 23
Classification number 351.5492
Author mark and year UDL 2004
100 ## - MAIN ENTRY--PERSONAL NAME
Personal name উদ্দীন, মোঃ আনসার
9 (RLIN) 122421
245 ## - TITLE STATEMENT
Title লোকপ্রশাসন :
Remainder of title তত্ব ও প্রয়োগ /
Statement of responsibility, etc. মোঃ আনসার উদ্দীন
260 ## - PUBLICATION, DISTRIBUTION, ETC. (IMPRINT)
Place of publication, distribution, etc. ঢাকা :
Name of publisher, distributor, etc. অধুনা প্রকাশন,
Date of publication, distribution, etc. ২০০৪
300 ## - PHYSICAL DESCRIPTION
Pagination ৩১৮ পৃ. ;
Size ২১ সে.মি.
500 ## - GENERAL NOTE
General note তথ্য নির্দেশ
650 ## - SUBJECT ADDED ENTRY--TOPICAL TERM
Topical term or geographic name as entry element লোকপ্রশাসন
9 (RLIN) 122422
Geographic subdivision বাংলাদেশ
Topical term or geographic name as entry element Public Administration
9 (RLIN) 117250
Geographic subdivision Bangladesh
942 ## - ADDED ENTRY ELEMENTS (KOHA)
Source of classification or shelving scheme Dewey Decimal Classification
Koha item type Books
Holdings
Lost status Source of classification or shelving scheme Damaged status Not for loan Collection code Permanent Location Current Location Shelving location Date acquired Source of acquisition Cost, normal purchase price Total Checkouts Full call number Date last seen Copy number Koha item type Date checked out Total Renewals
  Dewey Decimal Classification   Not For Loan Non-fiction Central Library, University of Rajshahi Central Library, University of Rajshahi Reading Room 16/04/2005 Author 150.00   B 351.5492 UDL 2004 17/04/2016 C-1 Books    
  Dewey Decimal Classification     Non-fiction Central Library, University of Rajshahi Central Library, University of Rajshahi   27/05/2008 Kustory Book Centre, Dhaka. 150.00 2 B 351.5492 UDL 2004 28/04/2024 C-2 Books 24/04/2024  
  Dewey Decimal Classification     Non-fiction Central Library, University of Rajshahi Central Library, University of Rajshahi   09/03/2009 Writer 150.00 3 B 351.5492 UDL 2006 29/11/2018 C-3 Books 12/11/2018 2
  Dewey Decimal Classification     Non-fiction Central Library, University of Rajshahi Central Library, University of Rajshahi   16/04/2005 Author, gift 150.00 1 B 351.5492 UDL 2004 14/08/2018 C-4 Books 11/07/2018 1
  Dewey Decimal Classification     Non-fiction Central Library, University of Rajshahi Central Library, University of Rajshahi   16/04/2005 Lekhok, 150.00 4 B 351.5492 UDL 2004 29/11/2018 C-5 Books 28/10/2018 1
  Dewey Decimal Classification     Non-fiction Central Library, University of Rajshahi Central Library, University of Rajshahi   19/03/2009 Ononna, Dhaka 150.00 1 B 351.5492 UDL 2004 16/04/2019 C-6 Books 03/04/2019